Novela zákona o odpadoch prináša novinky, nie všetky pozitívne
Podnikatelia, vratane živnostníkov sú v rámci súčasnej legislatívy považovaní za výrobcov obalov a neobalových výrobkov. Sú s tým spojené aj viaceré administratívne i ďalšie povinnosti. Od roku 2018 má začať platiť novela zákona o odpadoch, ktorá ich od zbytočne byrokracie odbremení. Vybrané zmeny,...
Guardado en:
| Formato: | Capítulo de libro |
|---|---|
| Lenguaje: | eslovaco |
| Materias: | |
| Etiquetas: |
Sin Etiquetas, Sea el primero en etiquetar este registro!
|
MARC
| LEADER | 00000naa a2200000 4500 | ||
|---|---|---|---|
| 001 | 0241443 | ||
| 005 | 20180323070203.6 | ||
| 041 | 0 | |a slo | |
| 044 | |a SK | ||
| 245 | 1 | 0 | |a Novela zákona o odpadoch prináša novinky, nie všetky pozitívne |
| 520 | |a Podnikatelia, vratane živnostníkov sú v rámci súčasnej legislatívy považovaní za výrobcov obalov a neobalových výrobkov. Sú s tým spojené aj viaceré administratívne i ďalšie povinnosti. Od roku 2018 má začať platiť novela zákona o odpadoch, ktorá ich od zbytočne byrokracie odbremení. Vybrané zmeny, ktoré sa dotknú takmer každej firmy. | ||
| 610 | 2 | 0 | |a novelizácia |
| 610 | 2 | 0 | |a podnikatelia |
| 610 | 2 | 0 | |a zákony |
| 610 | 2 | 0 | |a odpad komunálny |
| 610 | 2 | 0 | |a obaly |
| 610 | 2 | 0 | |a znečistenie prostredia životného |